Geography Quiz

Random Geography or State Quiz

Top 10 Y Cities Quiz Stats

 Plays Quiz not verified by Sporcle

Score 0/10 Timer 05:00
0 Plays Today
State Incorporated Municipality % Correct
New YorkYonkers
94.4%
ArizonaYuma
77.8%
OhioYoungstown
66.7%
PennsylvaniaYork
66.7%
WashingtonYakima
64.8%
New YorkYorktown
42.6%
CaliforniaYorba Linda
38.9%
CaliforniaYuba City
33.3%
MassachusettsYarmouth
24.1%
CaliforniaYucaipa
20.4%

You're not logged in!

Compare scores with friends on all Sporcle quizzes.
OR
Log In

Sporcle TV

Today on Sporcle TV


Watch our educational content, quiz creation guides, and fun videos on Sporcle TV.

Show Comments

Extras

Top Quizzes Today


Score Distribution

Your Account Isn't Verified!

In order to create a playlist on Sporcle, you need to verify the email address you used during registration. Go to your Sporcle Settings to finish the process.

Report this User

Report this user for behavior that violates our Community Guidelines.

Details: